Les plus grandes agglomérations du Chili - Statistiques

Statistiques générales
  • Ce quiz a été pris 113 fois
  • Le résultat moyen est 7 sur 13
Statistiques - réponses
Place Habitants Nom % Correct
1. 6 903 479 Grand Santiago
100%
3. 944 498 Grand Valparaíso
79%
2. 971 285 Grand Concepción
63%
7. 308 071 Agglomération de Puerto Montt
54%
5. 361 873 Agglomération de Antofagasta
52%
4. 448 784 Agglomération de La Serena-Coquimbo
52%
8. 299 843 Agglomération de Iquique-Alto Hospicio
51%
6. 358 541 Agglomération de Temuco
47%
11. 221 364 Agglomération de Arica
42%
13. 202 331 Agglomération de Los Ángeles
41%
10. 250 000 Agglomération de Talca
31%
12. 215 646 Agglomération de Chillán
24%
9. 294 279 Agglomération de Rancagua-Machalí
24%
Aucun quiz correspondant
Distribution des résultats
% des personnes avec chaque résultat
Percentile par nombre de réponses
Votre historique - résultats
Vous n’avez pas pris ce quiz